00809cam a22002531 4500001001300000003000400013005001700017008004100034010001700075035002000092040003800112050002400150082001000174100003600184245006200220260002700282300003300309490002500342500003400367500007100401500001100472700005700483999001500540af 47002030 DLC20260227110811.0840405s1944 it a 000 0 ita c aaf 47002030  a(OCoLC)10595647 aIllinois. Univ. LibrarycNhDdDLC00aPQ4835.A28bR6 1944 a851.81 aPascarella, Cesare,d1858-1940.10aRomano de passaggio,ca cura di Gustavo Brigante Colonna. aRoma,bO.E.T.c[1944?] a146 p., 1 l.billus.c20 cm.0 aVetrina italiana,v8 aAt head of title: Pascarella. a"I disegni del testo e della copertina sono di Cesare Pascarella." aPoems.1 aBrigante Colonna Angelini, Gustavo,d1878-1956,eed. c1516d1516